Resurrección de los muertos
Salvato in:
| Autore principale: | |
|---|---|
| Natura: | Libro |
| Lingua: | spagnolo |
| Pubblicazione: |
Madrid
Fundación Santa María
1983
|
| Serie: | Cátedra de Teología Contemporánea. Curso de Escatología, 3
|
| Soggetti: | |
| Tags: |
Aggiungi Tag
Nessun Tag, puoi essere il primo ad aggiungerne!!
|
MARC
| LEADER | 00000nam a2200000 a 4500 | ||
|---|---|---|---|
| 001 | UCW9230 | ||
| 003 | CL-VaPUC | ||
| 008 | 881222e19830000SP |||||||||||||||||spa|d | ||
| 082 | 0 | 4 | |a 236.8 |b PAG |2 21 |
| 100 | |a Pagola Elorza, José Antonio |e autor |9 598546 | ||
| 245 | 1 | 0 | |a Resurrección de los muertos |
| 300 | |a 66 p | ||
| 942 | |c BK | ||
| 945 | |d 19881222 00:00:00 | ||
| 260 | |a Madrid |b Fundación Santa María |c 1983 | ||
| 650 | 0 | |a Escatología |9 314395 | |
| 650 | 7 | |a RESURRECCION |2 CL-VaPUC |9 314406 | |
| 650 | 0 | |a Vida futura |9 267322 | |
| 583 | |a last modification |c 20150731 03:22:50 |k Rodrigo Vera | ||
| 490 | 0 | |a Cátedra de Teología Contemporánea. Curso de Escatología, 3 | |
| 999 | |c 221253 |d 221251 | ||
| 952 | |0 0 |1 2 |4 0 |6 236_800000000000000_PAG_1983 |7 0 |8 A |9 214379 |a BIBTEO |b BIBTEO |d 2019-11-15 |i 2829975 |o 236.8 PAG 1983 |p 2829975 |r 2019-11-15 |w 2019-11-15 |x Descarte 2019 |y BK |k ICR | ||
| 952 | |0 0 |1 0 |4 0 |6 236_800000000000000_PAG_1983 |7 0 |8 A |9 214380 |a BIBTEO |b BIBTEO |d 2019-11-15 |i 2829983 |o 236.8 PAG 1983 |p 2829983 |r 2023-01-25 |w 2019-11-15 |y BK |k ICR | ||
| 952 | |0 0 |1 0 |4 0 |6 236_800000000000000_PAG_1983 |7 0 |8 A |9 214381 |a BIBTEO |b BIBTEO |d 2019-11-15 |i 3128938 |o 236.8 PAG 1983 |p 3128938 |r 2025-01-17 |w 2019-11-15 |y BK |k ICR | ||